00417nam a2200157Ia 45000010006000000050017000060080041000230410008000640820016000721000036000882450075001242600009001993000035002086500008002436540008002511634820260306170303.0260306t2005||||xx |||||||||||||| ||und|| aESP a348.55bH63 aHocsman, Heriberto SimóneAUT 0aNegocios en Internet:bE-commerce. Correo electrónico. Firma digital c2005 axxxii, 538 páginas :c23 cm. aGEN aCDE